| 000 | 00429nam a22001817a 4500 | ||
|---|---|---|---|
| 003 | MPLRDC | ||
| 005 | 20220104143319.0 | ||
| 008 | 210129b ||||| |||| 00| 0 eng d | ||
| 020 | _a983-50-0272-X | ||
| 082 | _a524.967 LMH 1995 | ||
| 100 | _a赖美华编 | ||
| 245 |
_aUPSR 数学1001题 _c |
||
| 250 | _a初版 | ||
| 260 |
_a _bPENERBITAN PELANGI S/B _c1995 |
||
| 300 | _b平 | ||
| 650 | _a | ||
| 942 |
_cBK _o524.967 LMH 1995 |
||
| 999 |
_c38698 _d38688 |
||